A textbook of electrical technology : vol- 2 / (Record no. 992)

MARC details
000 -LEADER
Fixed length control field 00499nam a2200181 4500
003 - CONTROL NUMBER IDENTIFIER
Control field SEACOMEC
005 - DATE AND TIME OF LATEST TRANSACTION
Control field 20250529131943.0
008 - FIXED-LENGTH DATA ELEMENTS--GENERAL INFORMATION
Fixed length control field 240503b |||||||| |||| 00| 0 eng d
020 ## - INTERNATIONAL STANDARD BOOK NUMBER / ISBN
International Standard Book Number 8121924405
Price Rs.350.00
040 ## - CATALOGING SOURCE
Original cataloging agency SEACOMEC
082 ## - DEWEY DECIMAL CLASSIFICATION NUMBER
Classification number 621.3
Book Number T398
100 ## - MAIN ENTRY--PERSONAL NAME
Personal name Theraja, B. L
245 1# - TITLE STATEMENT
Title A textbook of electrical technology : vol- 2 /
Statement of responsibility B. L. Theraja and A. K. Theraja
260 ## - IMPRINT
Place of publication New Delhi
Name of publisher S. Chand
Date of publication 2007
300 ## - PHYSICAL DESCRIPTION
Page / Vol. No Vol. 2
650 ## - SUBJECT ADDED ENTRY--TOPICAL TERM
Topical term ELECTRICAL ENGINEERING
942 ## - ADDED ENTRY ELEMENTS (KOHA)
Koha item type Books
Holdings
Withdrawn status Lost status Source of classification Damaged status Not for loan Home library Current library Date acquired Total Checkouts Call number Accession number Date last seen Price effective from Koha item type
    Dewey Decimal Classification     SEACOM ENGINEERING COLLEGE SEACOM ENGINEERING COLLEGE 28/08/2007   621.3 T398 08343 03/05/2024 03/05/2024 Books
© Seacom Engineering College, All rights reserved.      Powered by Koha